Training policies for computer manpower and users

সংরক্ষণ করুন:
গ্রন্থ-পঞ্জীর বিবরন
বিন্যাস: গ্রন্থ
ভাষা:ইংরেজি
প্রকাশিত: París OECD 1975
বিষয়গুলি:
ট্যাগগুলো: ট্যাগ যুক্ত করুন
কোনো ট্যাগ নেই, প্রথমজন হিসাবে ট্যাগ করুন!

MARC

LEADER 00000nam a2200000 a 4500
001 UCV5959
003 CL-VaPUC
008 921022e19750000FR |||||||||||||||||eng|d
082 0 4 |a 350.000285  |b TRA  |2 21 
245 1 0 |a Training policies for computer manpower and users 
300 |a 170 p 
942 |c BK 
945 |d 19921022 00:00:00 
260 |a París  |b OECD  |c 1975 
650 0 |a Administración pública   |9 255343 
650 0 |a Proceso de datos   |9 259776 
650 0 |a Ciencia de la computación  |9 260608 
583 |a last modification  |c 19921022 00:00:00  |k Rodrigo Vera 
999 |c 212242  |d 212240